R741 (Record no. 103077)

MARC details
000 -LEADER
fixed length control field 01174cam a2200253 4500
001 - CONTROL NUMBER
control field RV123633
008 - FIXED-LENGTH DATA ELEMENTS--GENERAL INFORMATION
fixed length control field 030916n2003 000 0 eng u
035 ## - SYSTEM CONTROL NUMBER
System control number (Sirsi) u123633
100 ## - MAIN ENTRY--PERSONAL NAME
Personal name Sweek, Chenna
245 ## - TITLE STATEMENT
Title R741
Remainder of title valuation and commercial property review
260 ## - PUBLICATION, DISTRIBUTION, ETC.
Place of publication, distribution, etc. London
Name of publisher, distributor, etc. RICS
Date of publication, distribution, etc. 2003
490 ## - SERIES STATEMENT
Series statement RICS Abstracts and Reviews
Volume/sequential designation 39 (4) April 2003, 17-20(4)
490 ## - SERIES STATEMENT
Series statement RICS Library and Information Services Review
520 ## - SUMMARY, ETC.
Summary, etc. Reading list covering some of the issues affecting the valuation of commercial property. Includes guidance, valuation standards (UK, European and international) and valuation methodology. Gives details of books, articles, property market reports and relevant websites. Available from the RICS Library, price £4.
650 ## - SUBJECT ADDED ENTRY--TOPICAL TERM
Topical term or geographic name entry element VALUATION STANDARDS
650 ## - SUBJECT ADDED ENTRY--TOPICAL TERM
Topical term or geographic name entry element VALUATION METHODOLOGY
650 ## - SUBJECT ADDED ENTRY--TOPICAL TERM
Topical term or geographic name entry element Valuation
9 (RLIN) 6273
650 ## - SUBJECT ADDED ENTRY--TOPICAL TERM
Topical term or geographic name entry element PROPERTY-COMMERCIAL PROPERTY
650 ## - SUBJECT ADDED ENTRY--TOPICAL TERM
Topical term or geographic name entry element READING LISTS
690 ## - LOCAL SUBJECT ADDED ENTRY--TOPICAL TERM (OCLC, RLIN)
Topical term or geographic name as entry element VALUATION AND INVESTMENT APPRAISAL-COMMERCIAL
710 ## - ADDED ENTRY--CORPORATE NAME
Corporate name or jurisdiction name as entry element Royal Institution of Chartered Surveyors
Subordinate unit Library and Information Services
9 (RLIN) 4634
710 ## - ADDED ENTRY--CORPORATE NAME
Corporate name or jurisdiction name as entry element Royal Institution of Chartered Surveyors
9 (RLIN) 4900
942 ## - ADDED ENTRY ELEMENTS (KOHA)
Suppress in OPAC 0
Holdings
Withdrawn status Lost status Source of classification or shelving scheme Damaged status Not for loan Home library Current library Shelving location Date acquired Total Checkouts Full call number Barcode Date last seen Copy number Price effective from Koha item type
    Dewey Decimal Classification     London London Journal article 16/09/2003   RV123633 123633-1001 06/08/2019 1 06/08/2019 Reference material